Dobrodružstvo v Kocúrkove. : (Faustiáda). Fantastická hrdinská báseň. /
Uložené v:
| Hlavný autor: | |
|---|---|
| Médium: | Kniha |
| Jazyk: | Slovak |
| Vydané: |
Praha :
Melantrich nakladatelství,
1934.
|
| Vydanie: | 1. vyd. |
| Edícia: | Melantrichova Slovenská knižnica
Sv. 24. |
| Témy: | |
| ISBN: |
(viaz.) |
| Fyzický popis: |
221 s. |
| Tagy: |
Pridať tag
Žiadne tagy, Buďte prvý kto otaguje tento záznam!
|
Titul je dostupný aj v ... 

MARC
| LEADER | 00000nam a2200000 a 4500 | ||
|---|---|---|---|
| 001 | 000078021 | ||
| 003 | SVKK | ||
| 005 | 20230802094453.0 | ||
| 008 | 060418s1934 cs e sloo | ||
| 020 | |a (viaz.) | ||
| 040 | |a SVKKK |b slo |c SVKKK |e AACR2 | ||
| 041 | 0 | |a slo | |
| 044 | |a cs |c CS | ||
| 080 | |a 821.162.4-3 |2 1997 | ||
| 100 | 1 | |a Záborský, Jonáš, |d 1812-1876 |4 aut | |
| 245 | 1 | 0 | |a Dobrodružstvo v Kocúrkove. : |b (Faustiáda). Fantastická hrdinská báseň. / |c Jonáš Záborský. |
| 250 | |a 1. vyd. | ||
| 260 | |a Praha : |b Melantrich nakladatelství, |c 1934. | ||
| 300 | |a 221 s. | ||
| 440 | 0 | |a Melantrichova Slovenská knižnica |v Sv. 24. | |
| 655 | 7 | |a umelecká literatúra |2 SVKKKPH | |
| 910 | |a svkkk | ||
| 974 | |a UH |d 20030326 | ||
| 974 | |a KL |d 20030324 | ||
| 974 | |a MI |d 20030403 | ||
| 998 | |a BK | ||
| 090 | |g SCKHL |k Sklad Pribinova 2. posch. |a III.193144 |j 951484 |i 2720044371 |s Prezenčne | ||